000 00374pam a2200157 a 4500
020 _a9780340906187
_c
041 _h
082 _a616.07
_bCRO
100 _aCROOK M.A.
245 _aCLINICAL CHEMISTRY AND METABOLIC MEDICINE
_hTextual Documents
250 _a7 ED.
260 _bHODDER ARNOLD
_c2006
300 _a426:
_bVI;
_cPB.
930 _a4789
999 _c799317
_d799317
650 _aPATHOLOGY